AH International Schools' Libraries

Normal view MARC view
  • Driscoll, Laura

Entry Personal Name

Number of records used in: 1

001 - CONTROL NUMBER

  • control field: 86701

003 - CONTROL NUMBER IDENTIFIER

  • control field: OSt

005 - DATE AND TIME OF LATEST TRANSACTION

  • control field: 20250919125000.0

008 - FIXED-LENGTH DATA ELEMENTS

  • fixed length control field: 250919|| aca||aabn | a|a d

040 ## - CATALOGING SOURCE

  • Original cataloging agency: OSt
  • Transcribing agency: OSt

100 ## - HEADING--PERSONAL NAME

  • Personal name: Driscoll, Laura
  • Fuller form of name: (Laura M.)

670 ## - SOURCE DATA FOUND

  • Source citation: Work cat.: (OSt)49578: Pinto, Laura E., author. 76822, 95 strategies for remodeling instruction :, 2012.

For any Logos Library related questions please contact Miss Art at swongnarasuk@asianhope.org.

For any Asian Hope Library related questions please contact Miss Raza at graza@asianhope.org.

Click here to explore our ebooks!

Powered by Koha